00328 a2200133 4500020001800000022001800018082000800036100001900044245006500063250000900128260003100137300001000168500001600178 a9780205781256 a9780205781256 a351 aCox,Raymond W. aPublic Administration in Theory and Practice.cRaymond W.Cox a2nd. aNew York.bLongman.c2011. a310p. aPaper cover